| 000 | 00000nam 2200000zi 4500 |
| 001 | 9.908256 |
| 003 | CaOODSP |
| 005 | 20250527152702 |
| 006 | m o d f |
| 007 | cr cn||||||||| |
| 008 | 220218t20232023onc ob f000 0 eng d |
| 020 | |a9780660421506 |
| 040 | |aCaOODSP|beng|erda|cCaOODSP |
| 043 | |an-cn--- |
| 086 | 1 |aA118-10/33-2021E-PDF |
| 245 | 00|aCrop profile for brassica vegetables in Canada, 2021 / |cprepared by Pest Management Program, Agriculture and Agri-Food Canada. |
| 250 | |aFifth edition - 2023. |
| 264 | 1|aOttawa, ON, Canada : |bAgriculture and Agri-Food Canada = Agriculture et agroalimentaire Canada, |c2023. |
| 264 | 4|c©2023 |
| 300 | |a1 online resource (55 pages) |
| 336 | |atext|btxt|2rdacontent |
| 337 | |acomputer|bc|2rdamedia |
| 338 | |aonline resource|bcr|2rdacarrier |
| 500 | |aIssued also in French under title: Profil des cultures de crucifères au Canada, 2021. |
| 504 | |aIncludes bibliographical references (pages 54-55). |
| 650 | 0|aBrassica|xDiseases and pests|xControl|zCanada. |
| 650 | 0|aVegetable trade|zCanada. |
| 710 | 1 |aCanada. |bAgriculture and Agri-Food Canada, |eissuing body. |
| 710 | 2 |aPest Management Centre (Canada), |eissuing body. |
| 775 | 08|tProfil des cultures de crucifères au Canada, 2021 / |w(CaOODSP)9.908259 |
| 794 | |tCrop profile for brassica vegetables in Canada, 2025 / |w(CaOODSP)9.951416 |
| 795 | |tCrop profile for brassica vegetables in Canada, 2018 / |w(CaOODSP)9.890670 |
| 856 | 40|qPDF|s2.40 MB|uhttps://publications.gc.ca/collections/collection_2023/aac-aafc/A118-10-33-2021-eng.pdf |
| 986 | |a13103E |